=LDR 00000nam 2200000 4500 =001 INLIS000000000008575 =005 20130612100427 =008 ***********************************Ind** =035 ##$$0010-061300000008575 =041 ##$$a Ind =082 ##$$a 372.8 =090 ##$$a 372.8, Sar p =100 ##$$a Sartono, Enco =245 ##$$a PPKN Kls 1 SD, Drs.Enco Sartono =260 ##$$a 2001 $b Jakarta =300 ##$$a 112 hlm, 28 cm =650 ##$$a PPKN Pend - dasar =850 ##$$a NBPNMAT